Marx más allá de Marx: cuaderno de trabajo sobre los Grundisse

Saved in:
Bibliografiske detaljer
Hovedforfatter: Negri, Antonio (autor)
Format: Bog
Sprog:spansk
Udgivet: Madrid Akal 2001
Serier:Cuestiones de Antagonismo, 9
Fag:
Tags: Tilføj Tag
Ingen Tags, Vær først til at tagge denne postø!

MARC

LEADER 00000cam a2200000 a 4500
001 UCF9055
003 CL-VaPUC
008 131018e20010000sp |||||||||||||||||spa|d
020 |a 8446011476 
082 0 4 |a 320.01  |b NEG  |2 21 
100 |a Negri, Antonio  |e autor  |9 455299 
245 1 0 |a Marx más allá de Marx: cuaderno de trabajo sobre los Grundisse 
300 |a 210 p 
942 |c BK 
945 |d 20131018 14:00:00  |a dcastane 
260 |a Madrid  |b Akal  |c 2001 
650 7 |a FILOSOFIA POLITICA  |2 CL-VaPUC  |9 571229 
650 7 |a MARXISMO  |2 CL-VaPUC  |9 571230 
650 0 |a Comunismo  |9 255588 
650 0 |a Ciencias Políticas  |9 255201 
583 |a last modification  |c 20131018 14:00:00  |k Rodrigo Vera 
490 0 |a Cuestiones de Antagonismo, 9 
999 |c 353540  |d 353538 
952 |0 0  |1 0  |3 erb  |4 0  |6 320_010000000000000_NEG_2001  |7 0  |8 A  |9 458857  |a BIBEDU  |b BIBEDU  |d 2019-11-23  |i 501963K  |o 320.01 NEG 2001  |p 501963K  |r 2019-11-23  |w 2019-11-23  |y BK  |z Catalogado en:20131018  |k PSI 
952 |0 0  |1 0  |3 erb  |4 0  |6 320_010000000000000_NEG_2001  |7 0  |8 A  |9 458858  |a BIBEDU  |b BIBEDU  |i 5198585  |l 4  |o 320.01 NEG 2001  |p 5198585  |r 2023-10-31  |s 2023-09-12  |w 2019-11-23  |y BK  |z Catalogado en:20150911  |k FIL